000 00659nam a22002297a 4500
001 sjds170198
003 sjds
005 20171021133127.0
008 171021b nyu||||| |||| 00| 0 spa d
020 _a9780590463195 (pbk.)
020 _a0590463195 (pbk.)
040 _csjds
041 _aspa
_heng
100 1 _aLankford, Mary D.
240 _aIs it dark? Is it light?
245 _aEs oscura? Es clara? /
_cby Mary D. Lankford ; illustrado por Stacey Schuett.
260 _aNew York :
_bScholastic,
_cc1993.
300 _a volume (unpaged) :
_bcolor illustrations ;
_c28 cm
526 _cRL 2 004-008
700 1 _aSchuett, Stacey
942 _cBK
999 _c18977
_d18977